000
00284nam a22001217a 4500
008
211127b ||||| |||| 00| 0 eng d
020
_a
9789386602749
050
_a
305
_b
1
245
_a
The Life Of Y
260
_a
New Delhi
_b
SAGE Publications
_c
2018
300
_a
1
942
_2
ddc
_c
BK
999
_c
11924
_d
11924